El taita y el toro: en torno a la configuración patriarcal del régimen hacendario cuzqueno
Saved in:
| Hovedforfatter: | |
|---|---|
| Format: | Bog |
| Sprog: | spansk |
| Udgivet: |
Estocolmo
Universida de Gotemburgo, Dpto. de Historia
1990
|
| Fag: | |
| Tags: |
Tilføj Tag
Ingen Tags, Vær først til at tagge denne postø!
|
MARC
| LEADER | 00000nam a2200000 a 4500 | ||
|---|---|---|---|
| 001 | UCY3161 | ||
| 003 | CL-VaPUC | ||
| 008 | 941214e19900000SW |||||||||||||||||spa|d | ||
| 082 | 0 | 4 | |a 305.56 |b ANR |2 21 |
| 100 | 0 | |a Anrup, Roland |e author |9 331371 | |
| 245 | 1 | 3 | |a El taita y el toro: en torno a la configuración patriarcal del régimen hacendario cuzqueno |
| 300 | |a 280 p | ||
| 942 | |c BK | ||
| 945 | |d 19941214 00:00:00 |a mfernand | ||
| 260 | |a Estocolmo |b Universida de Gotemburgo, Dpto. de Historia |c 1990 | ||
| 650 | 7 | |a CAMPESINOS CONDICIONES SOCIALES |2 CL-VaPUC |9 331372 | |
| 650 | 7 | |a CONDICIONES RURALES |2 CL-VaPUC |9 318555 | |
| 651 | 0 | |a Perú |9 256567 | |
| 583 | |a last modification |c 19941214 00:00:00 |k Rodrigo Vera | ||
| 999 | |c 231376 |d 231374 | ||
| 952 | |0 0 |1 0 |4 0 |6 305_560000000000000_ANR_1990 |7 0 |8 A |9 234605 |a BIBHIS |b BIBHIS |d 2019-11-15 |i 3043851 |o 305.56 ANR 1990 |p 3043851 |r 2025-01-20 |w 2019-11-15 |y BK |k HIS | ||